<?xml version="1.0" encoding="UTF-8"?>
<collection xmlns:xsi="http://www.w3.org/2001/XMLSchema-instance" xsi:schemaLocation="http://www.loc.gov/MARC21/slim http://www.loc.gov/standards/marcxml/schema/MARC21slim.xsd" xmlns="http://www.loc.gov/MARC21/slim">
 <record>
  <leader>00000ctm a22000004i 4500</leader>
  <controlfield tag="001">UP-99796217611745117</controlfield>
  <controlfield tag="003">Buklod</controlfield>
  <controlfield tag="005">20150903112539.0</controlfield>
  <controlfield tag="006">m    |o  d |      </controlfield>
  <controlfield tag="007">ta</controlfield>
  <controlfield tag="008">150903s2007    xx     d     r    |||| u|</controlfield>
  <datafield tag="035" ind1=" " ind2=" ">
   <subfield code="a">(iLib)UPD-00248707632</subfield>
  </datafield>
  <datafield tag="040" ind1=" " ind2=" ">
   <subfield code="a">DARCHIVES</subfield>
   <subfield code="e">rda</subfield>
  </datafield>
  <datafield tag="041" ind1=" " ind2=" ">
   <subfield code="a">eng</subfield>
  </datafield>
  <datafield tag="042" ind1=" " ind2=" ">
   <subfield code="a">DMLUC</subfield>
  </datafield>
  <datafield tag="090" ind1=" " ind2=" ">
   <subfield code="a">LG 996 2007 P51</subfield>
   <subfield code="b">H47</subfield>
  </datafield>
  <datafield tag="100" ind1="1" ind2=" ">
   <subfield code="a">Hermosa, Nathaniel P.</subfield>
   <subfield code="b">II</subfield>
   <subfield code="e">author.</subfield>
  </datafield>
  <datafield tag="245" ind1="1" ind2="0">
   <subfield code="a">Birth and propagation of optical vortices in helico-conical optical beams</subfield>
   <subfield code="c">Nathaniel P. Hermosa II.</subfield>
  </datafield>
  <datafield tag="264" ind1=" " ind2="0">
   <subfield code="a">Quezon City</subfield>
   <subfield code="b">College of Science, University of the Philippines</subfield>
   <subfield code="c">2007.</subfield>
  </datafield>
  <datafield tag="300" ind1=" " ind2=" ">
   <subfield code="a">x, 183 leaves</subfield>
   <subfield code="b">illustrations</subfield>
   <subfield code="c">28 cm</subfield>
  </datafield>
  <datafield tag="336" ind1=" " ind2=" ">
   <subfield code="a">text</subfield>
   <subfield code="2">rdacontent</subfield>
  </datafield>
  <datafield tag="337" ind1=" " ind2=" ">
   <subfield code="a">unmediated</subfield>
   <subfield code="2">rdamedia</subfield>
  </datafield>
  <datafield tag="338" ind1=" " ind2=" ">
   <subfield code="a">volume</subfield>
   <subfield code="2">rdacarrier</subfield>
  </datafield>
  <datafield tag="500" ind1=" " ind2=" ">
   <subfield code="a">Vita.</subfield>
  </datafield>
  <datafield tag="502" ind1=" " ind2=" ">
   <subfield code="a">Thesis (Ph.D. Physics)--University of the Philippines Diliman</subfield>
   <subfield code="d">2007.</subfield>
  </datafield>
  <datafield tag="520" ind1="3" ind2=" ">
   <subfield code="a">Singular optical physics is a new branch of optics that deals primarily with optical vortices. An optical vortex is a line of phase singularity where the complex scalar field vanishes at its position. At the center of the vortex, the phase gradient is infinite and the intensity of the beam vanishes even when it is focused. Optical vortices interact similar to particles. They repel or attract, split or annihilate or be born as different sets of optical vortices. There have been studies in past that deal with the propagation of dynamics of beams that are not solutions of the Paraxial Wave Equation, and their discussion is centered on the evolution and the interaction of optical vortices that are produced when the beams are propagated. The object of this dissertation is to investigate the propagation of Helico-Conical Optical Beams (HCOBs). The conical phase of this beam is being fractured by a helical phase which is the phase of an optical vortex. Emphases were given to the birth and propagation of optical vortices in these beams. In this dissertation the beams are produced by computer-generated holograms. Their phase profiles are examined using Mach-Zehnder interferometry. A string of similar charged optical vortices are seen arising as the beams are propagated. We report that optical vortices bahave as point vortices in hydrodynamics. We also propagated the beams numerically with the scalar diffraction theory. We divide the analysis of the propagation into two regions - regions of birth of the optical vortices and the region where they interact with each other and with the background beam. Optical vortices appear every 2π cut in the wavefront. The vortices interact by the warping of the phase by another vortex near them. These are verified experimentally. The results in this dissertation offer better understanding of the propagation dynamics of beams with a conical phase with embedded optical vortices, which may find application in optical trapping, optical data storage and optical switching as well as suggest some insights to some fundamental questions in similar systems in superfluidity and in Bose-Einstein condensates.</subfield>
  </datafield>
  <datafield tag="650" ind1=" " ind2="0">
   <subfield code="a">Imaging systems.</subfield>
  </datafield>
  <datafield tag="650" ind1=" " ind2="0">
   <subfield code="a">Optical wave guides.</subfield>
  </datafield>
  <datafield tag="905" ind1=" " ind2=" ">
   <subfield code="a">FI</subfield>
  </datafield>
  <datafield tag="905" ind1=" " ind2=" ">
   <subfield code="a">UP</subfield>
  </datafield>
  <datafield tag="852" ind1="0" ind2=" ">
   <subfield code="a">UPD</subfield>
   <subfield code="b">DARCHIVES</subfield>
   <subfield code="h">LG 996 2007 P51</subfield>
   <subfield code="i">H47</subfield>
  </datafield>
  <datafield tag="942" ind1=" " ind2=" ">
   <subfield code="a">Thesis</subfield>
  </datafield>
 </record>
</collection>
